Zákon č. 289/2008 Z.z. o používaní elektronickej registračnej pokladnice s komentárom

Zákon upravuje podmienky používania ERP na evidenciu tržieb na území Slovenska, postavenie a činnosť servisnej organizácie súvisiace s používaním pokladnice.

Enregistré dans:
Détails bibliographiques
Auteur principal: Mastihubová, Petronela
Format: Chapitre de livre
Langue:slovaque
Sujets:
Tags: Ajouter un tag
Pas de tags, Soyez le premier à ajouter un tag!

MARC

LEADER 00000naa a2200000 4500
001 0141984
005 20231120102532.4
041 0 |a slo 
044 |a SK 
245 1 0 |a Zákon č. 289/2008 Z.z. o používaní elektronickej registračnej pokladnice s komentárom  |c Petronela Mastihubová 
520 |a Zákon upravuje podmienky používania ERP na evidenciu tržieb na území Slovenska, postavenie a činnosť servisnej organizácie súvisiace s používaním pokladnice. 
610 2 0 |a pokladnice registračné 
610 2 0 |a elektronizácia 
610 2 0 |a zákony 
610 2 0 |a komentáre 
610 2 0 |a Slovensko 
610 2 0 |a 2011 
100 1 |a Mastihubová, Petronela